Справочник по климату СССР. Вып. 22: Иркутская область и западная часть Бурятской АССР (Запись № 8983955)

Подробности
000 -МАРКЕР
контрольное поле 01909nam2a22002891 4500
001 - ИДЕНТИФИКАТОР ЗАПИСИ
контрольное поле rc\4936230
005 - ИДЕНТИФИКАТОР ВЕРСИИ
контрольное поле 20250613043205.0
021 ## - НОМЕР ГОСУДАРСТВЕННОЙ РЕГИСТРАЦИИ
Код страны Российская Федерация
Номер [66-52124]
035 ## - ДРУГИЕ СИСТЕМНЫЕ НОМЕРА
Идентификатор записи (NLR Aleph) 008947775
100 ## - ДАННЫЕ ОБЩЕЙ ОБРАБОТКИ
Данные общей обработки 20130426d1966 |||y0rusy50 ca
101 0# - ЯЗЫК РЕСУРСА
Язык текста, звукозаписи и т.д. русский
102 ## - СТРАНА ПУБЛИКАЦИИ ИЛИ ПРОИЗВОДСТВА
Страна публикации Российская Федерация
105 ## - ПОЛЕ КОДИРОВАННЫХ ДАННЫХ: ТЕКСТОВЫЕ МАТЕРИАЛЫ, МОНОГРАФИЧЕСКИЕ
Кодированные данные о монографическом текстовом документе b z |||||
200 1# - ЗАГЛАВИЕ И СВЕДЕНИЯ ОБ ОТВЕТСТВЕННОСТИ
Основное заглавие Иркутская область и западная часть Бурятской АССР
Обозначение и номер части Ч. 2
Наименование части Температура воздуха и почвы
210 ## - ПУБЛИКАЦИЯ, РАСПРОСТРАНЕНИЕ И ДР.
Дата издания, распространения и т.д. 1966
Место издания, распространения и т.д. Б. м.
215 ## - ФИЗИЧЕСКАЯ ХАРАКТЕРИСТИКА
Специфическое обозначение материала и объем 360 с., 1 л. карт.
Другие сведения о физической характеристике карт.
300 ## - ОБЩИЕ ПРИМЕЧАНИЯ
Текст примечания На пер. загл. выпуска: Температура воздуха и почвы
461 #0 - УРОВЕНЬ НАБОРА
Встроенное поле 001rc\4936122
-- 2001#$aСправочник по климату СССР$e[В 34 вып.]$eВып. 1-$fГл. упр. гидрометеорол. службы при Совете Министров СССР. Сев. упр. гидрометеорол. службы. Арханг. гидрометеорол. обсерватория$vВып. 22
Системный номер (АБИС) связанной записи 8983301
Место публикации Ленинград
Дата публикации 1965-
Первые сведения об ответственности Гл. упр. гидрометеорол. службы при Совете Министров СССР. Сев. упр. гидрометеорол. службы. Арханг. гидрометеорол. обсерватория
Имя издателя, распространителя и т.д. Гидрометеоиздат
Сведения, относящиеся к заглавию [В 34 вып.] : Вып. 1-
Заглавие Справочник по климату СССР
Номер тома Вып. 22
517 0# - ДРУГИЕ ВАРИАНТЫ ЗАГЛАВИЯ
Вариант заглавия Температура воздуха и почвы
606 ## - НАИМЕНОВАНИЕ ТЕМЫ КАК ПРЕДМЕТ
Наименование темы Метеорологические наблюдения
Географический подзаголовок Бурятская АССР
Формальный подзаголовок Справочники (вып. 22)
Код системы psbo
606 ## - НАИМЕНОВАНИЕ ТЕМЫ КАК ПРЕДМЕТ
Наименование темы Метеорологические наблюдения
Географический подзаголовок Иркутская область
Формальный подзаголовок Справочники (вып. 22)
Код системы psbo
801 #0 - ИСТОЧНИК ЗАПИСИ
Страна Российская Федерация
Организация NLR
Правила каталогизации psbo
801 #1 - ИСТОЧНИК ЗАПИСИ
Страна Российская Федерация
Организация ELAR
Источник данных rusmarc
852 ## - МЕСТОНАХОЖДЕНИЕ И ШИФР ХРАНЕНИЯ
Идентификатор организации NLR
Шифр хранения (Call Number) 65-7/228
942 ## - ДОПОЛНИТЕЛЬНЫЕ ЭЛЕМЕНТЫ ЗАПИСИ (АБИС)
Тип экземпляра АБИС Книга
980 ## - КОЛЛЕКЦИЯ
Название коллекции Национальная библиография
Экземпляры
Тип экземпляра Дата поступления Библиотека постоянного хранения Библиотека текущего хранения Место хранения Шифр хранения Штрих-код Статус экземпляра
Книга 26.10.2013 РНБ (Московский) РНБ (Московский) Русский книжный фонд: издания с 1957 года 65-7/228 1-2293602